Statistics for Ores in Minecraft

Click here to take the quiz!

General Stats

  • This quiz has been taken 67 times
  • The average score is 7 of 8

Answer Stats

Answer% Correct
Diamond
98%
Gold
98%
Iron
98%
Coal
94%
Redstone
84%
Lapis
80%
Emerald
76%
Quartz
44%

Score Distribution

Percentile by Number Answered

Percent of People with Each Score

Your Score History

You have not taken this quiz